000
00206nam a2200097Ia 4500
008
190216s9999||||xx |||||||||||||| ||und||
100
_a
Manoj Boas
245
0
_a
Marannittilla
260
_b
Null
942
_c
BK
999
_c
24558
_d
24558